Statistics for Speed typing #1

Click here to take the quiz!

General Stats

  • This quiz has been taken 158 times
  • The average score is 35 of 50

Answer Stats

Answer% Correct
1
100%
2
98%
5
98%
6
98%
7
98%
8
98%
9
98%
3
96%
4
96%
11
95%
13
93%
10
91%
12
91%
14
89%
15
87%
21
87%
16
85%
17
85%
18
85%
20
85%
19
82%
23
80%
22
78%
24
78%
25
76%
26
76%
27
76%
28
75%
29
75%
30
71%
31
69%
32
60%
34
60%
35
60%
36
58%
33
56%
37
56%
38
56%
39
53%
41
45%
40
44%
42
38%
43
38%
44
36%
45
31%
46
29%
47
29%
48
24%
49
22%
50
22%

Score Distribution

Percentile by Number Answered

Percent of People with Each Score

Your Score History

You have not taken this quiz